| 000 | 00370pam a2200145a 44500 | ||
|---|---|---|---|
| 008 | 230405s xxu||||| |||| 00| 0 eng d | ||
| 041 | _aENG | ||
| 100 | _aBECKETT A H /STENLAKE | ||
| 245 | _aPRACTICAL PHARMACEUTICAL CHEMISTRY VOL 2 | ||
| 250 | _a3 0 | ||
| 260 |
_aNEW DELHI _bCBS PUBLISHERS DELHI _c |
||
| 300 | _a552 | ||
| 650 | _aPHARMACEUTICAL CHEMISTRY | ||
| 906 | _a2 | ||
| 999 |
_c265441 _d265441 |
||